Authors of books - Statistics

General Stats
  • This quiz has been taken 58 times
  • The average score is 9 of 15
Answer Stats
Hint Answer % Correct
Animal Farm George Orwell
98%
Sense and Sensibility Jane Austen
90%
The Great Gatsby F Scott Fitzgerald
84%
War and Peace Leo Tolstoy
84%
Alice's Adventures in Wonderland Lewis Carroll
84%
Death on the Nile Agatha Christie
80%
Ulysses James Joyce
76%
Little Women Louisa May Alcott
67%
Lord of the Flies William Golding
63%
Don Quixote Miguel De Cervantes
57%
Firestarter Steven King
31%
Noughts and Crosses Malorie Blackman
24%
The Worlds Worst Children David Walliams
12%
Diary of a Wimpy Kid Jeff Kinney
12%
The Happy Prince Oscar Wilde
4%
No matching quizzes found
Score Distribution
Percent of People with Each Score
Percentile by Number Answered
Your Score History
You have not taken this quiz